FC Barcelona Squad 2019-20 - Statistics

General Stats
  • This quiz has been taken 110 times
  • The average score is 18 of 22
Answer Stats
Squad Number Position Nationality Answer % Correct
10 RW Argentine Lionel Messi
100%
1 GK German Marc-André ter Stegen
100%
9 FW Uruguayan Luis Suárez
98%
11 RW French Ousmane Dembélé
98%
3 CB Spanish Gerard Piqué
95%
4 CM Croatian Ivan Rakitić
94%
18 LB Spanish Jordi Alba
93%
23 CB French Samuel Umtiti
92%
22 CM Chilean Arturo Vidal
91%
21 CM Dutch Frenkie De Jong
91%
5 DM Spanish Sergio Busquets
90%
2 RB Portuguese Nélson Semedo
87%
13 GK Brazilian Neto
85%
15 CB French Clément Lenglet
84%
20 RB Spanish Sergi Roberto
83%
8 CM Brazilian Arthur
77%
17 FW French Antoine Griezmann
74%
- AM Turkish Arda Turan
72%
31 LW Spanish Ansu Fati
68%
19 FW Danish Martin Braithwaite
67%
- Manager Spanish Quique Setién
47%
24 CB Spanish Junior Firpo
24%
No matching quizzes found
Score Distribution
Percent of People with Each Score
Percentile by Number Answered
Your Score History
You have not taken this quiz